Scrambled “B” Words - Statistics

General Stats
  • This quiz has been taken 89 times
    39 since last reset
  • The average score is 25 of 36
Answer Stats
Hint Answer % Correct
ibsac basic
100%
eebfor before
97%
rettbe better
97%
ahebc beach
94%
enwtebe between
94%
orbda board | broad
94%
agben began
91%
meobce become
88%
ibignenng beginning
88%
weblo below
88%
gbhout bought
85%
beyur buyer
85%
bkogudnrac background
79%
revebgae beverage
79%
obtuhrg brought
79%
ydnoeb beyond
76%
utegbd budget
76%
nubsssie business
74%
fuitabule beautiful
68%
lelbtaasbk basketball
65%
bshaeltitp battleship
65%
dbermoo bedroom
65%
dhtbaer breadth
65%
oerbchur brochure
65%
etraytb battery
62%
aebtlkn blanket
59%
lbyruagr burglary
56%
erskabatf breakfast
53%
itryadbh birthday
50%
nliaulibg bilingual
47%
ropabgyhi biography
47%
ablailern ballerina
44%
anuyobrd boundary
44%
ofcneaetrb benefactor
24%
irclnbaiel brilliance
24%
ogbdiomerr bridegroom
18%
No matching quizzes found
Score Distribution
Percent of People with Each Score
Percentile by Number Answered
Your Score History
You have not taken this quiz since the last reset